89th Academy Awards - Statistics

General Stats
  • This quiz has been taken 9 times
  • The average score is 11 of 24
Answer Stats
Hint Answer % Correct
Best Director Damien Chazelle
100%
Best Picture Moonlight
100%
Best Supporting Actor Mahershala Ali
86%
Best Actress Emma Stone
71%
Best Original Score La La Land
71%
Best Sound Editing Arrival
57%
Best Original Song City of Stars
57%
Best Production Design La La Land
57%
Best Cinematography La La Land
57%
Best Adapted Screenplay Moonlight
57%
Best Actor Casey Affleck
43%
Best Sound Mixing Hacksaw Ridge
43%
Best Film Editing Hacksaw Ridge
43%
Best Original Screenplay Manchester by the Sea
43%
Best Supporting Actress Viola Davis
43%
Best Animated Feature Film Zootopia
43%
Best Makeup and Hairstyling Suicide Squad
29%
Best International Feature Film The Salesman
29%
Best Costume Design Fantastic Beasts and Where to Find Them
14%
Best Documentary Feature O.J.: Made in America
14%
Best Animated Short Film Piper
14%
Best Live Action Short Film Sing
14%
Best Visual Effects The Jungle Book
14%
Best Documentary Short Subject The White Helmets
14%
No matching quizzes found
Score Distribution
Percent of People with Each Score
Percentile by Number Answered
Your Score History
You have not taken this quiz